| 000 -LEADER |
| fixed length control field |
01451cam a2200361 ab4500 |
| 001 - CONTROL NUMBER |
| control field |
2345371 |
| 003 - CONTROL NUMBER IDENTIFIER |
| control field |
OSt |
| 005 - DATE AND TIME OF LATEST TRANSACTION |
| control field |
20241121152753.0 |
| 008 - FIXED-LENGTH DATA ELEMENTS--GENERAL INFORMATION |
| fixed length control field |
211222t20152013enk j 000 1 eng d |
| 020 ## - INTERNATIONAL STANDARD BOOK NUMBER |
| International Standard Book Number |
9781406364934 |
| Qualifying information |
(pbk.) : |
| 040 ## - CATALOGING SOURCE |
| Original cataloging agency |
UKBTC |
| Language of cataloging |
eng |
| Transcribing agency |
UKBTC |
| Modifying agency |
UKBTC |
| -- |
CN5O4 |
| -- |
OCLCO |
| -- |
OCLCF |
| -- |
OCL |
| -- |
CWJ |
| -- |
OCL |
| -- |
ATMAZ |
| -- |
TCPL |
| -- |
KH8 |
| Description conventions |
aacr2 |
| 042 ## - AUTHENTICATION CODE |
| Authentication code |
nbic |
| 082 0# - DEWEY DECIMAL CLASSIFICATION NUMBER |
| Classification number |
823.914 HOR |
| 100 1# - MAIN ENTRY--PERSONAL NAME |
| Personal name |
Horowitz, Anthony, |
| Dates associated with a name |
1955- |
| Relator term |
aut. |
| 245 10 - TITLE STATEMENT |
| Title |
Russian roulette / |
| Statement of responsibility, etc. |
Anthony Horowitz. |
| 260 ## - PUBLICATION, DISTRIBUTION, ETC. |
| Place of publication, distribution, etc. |
London : |
| Name of publisher, distributor, etc. |
Walker Books Ltd, |
| Date of publication, distribution, etc. |
2015. |
| 300 ## - PHYSICAL DESCRIPTION |
| Extent |
404 pages ; |
| Dimensions |
20 cm. |
| 490 1# - SERIES STATEMENT |
| Series statement |
Alex Rider ; |
| Volume/sequential designation |
bk 10. |
| 500 ## - GENERAL NOTE |
| General note |
First published 2013 by Walker Books Ltd, London. |
| 520 ## - SUMMARY, ETC. |
| Summary, etc. |
Presented with an unexpected assignment, Alex Rider's greatest nemesis, Yassen Gregoravich, recalls his life and the path that led him to become an assassin while his one-time friend, Alex's uncle, became a spy. |
| 600 10 - SUBJECT ADDED ENTRY--PERSONAL NAME |
| Personal name |
Rider, Alex |
| Titles and other words associated with a name |
(Fictitious character) |
| Form subdivision |
Juvenile fiction. |
| 610 10 - SUBJECT ADDED ENTRY--CORPORATE NAME |
| Corporate name or jurisdiction name as entry element |
Great Britain. |
| Subordinate unit |
MI6 |
| Form subdivision |
Juvenile fiction. |
| 650 #0 - SUBJECT ADDED ENTRY--TOPICAL TERM |
| Topical term or geographic name entry element |
Assassins |
| Form subdivision |
Juvenile fiction. |
| 650 #0 - SUBJECT ADDED ENTRY--TOPICAL TERM |
| Topical term or geographic name entry element |
Orphans |
| Form subdivision |
Juvenile fiction. |
| 650 #0 - SUBJECT ADDED ENTRY--TOPICAL TERM |
| Topical term or geographic name entry element |
Teenage boys |
| Form subdivision |
Juvenile fiction. |
| 650 #0 - SUBJECT ADDED ENTRY--TOPICAL TERM |
| Topical term or geographic name entry element |
Spy stories. |
| 650 #0 - SUBJECT ADDED ENTRY--TOPICAL TERM |
| Topical term or geographic name entry element |
Adventure stories. |
| 650 #0 - SUBJECT ADDED ENTRY--TOPICAL TERM |
| Topical term or geographic name entry element |
Young adult fiction. |
| 651 #0 - SUBJECT ADDED ENTRY--GEOGRAPHIC NAME |
| Geographic name |
Russia (Federation) |
| General subdivision |
History |
| Chronological subdivision |
1991- |
| Form subdivision |
Juvenile fiction. |
| 800 1# - SERIES ADDED ENTRY--PERSONAL NAME |
| Personal name |
Horowitz, Anthony, |
| Dates associated with a name |
1955- |
| Title of a work |
Alex Rider adventure ; |
| Volume/sequential designation |
10. |
| 830 #0 - SERIES ADDED ENTRY--UNIFORM TITLE |
| Uniform title |
Alex Rider ; |
| Volume/sequential designation |
bk 10. |
| 942 ## - ADDED ENTRY ELEMENTS (KOHA) |
| Source of classification or shelving scheme |
|
| Koha item type |
Books - Fiction |